Statistieken voor Top 10 landen met de meest veroordeelde seriemoordenaars

Klik hier om de quiz te nemen!

Algemene statistieken

  • Deze quiz is 84 keer genomen
  • De gemiddelde score is 6 van 10

Antwoordstatistieken

RangAntwoordenMoordenaars% Correct
10Rusland73
79%
1Verenigde Staten van Amerika3,204
79%
4Canada106
75%
7Duitsland85
74%
6Japan96
64%
9India80
60%
5Italië97
58%
8Australië81
56%
3Zuid-Afrika117
51%
2Engeland166
35%

Scoreverdeling

Percentiel versus Aantal Correcte Antwoorden

Procent van Mensen met Elke Score

Uw Scoregeschiedenis

U heeft deze quiz nog niet genomen